A practical guide to Linux / (Record no. 7228)

MARC details
000 -LEADER
fixed length control field 00996cam a2200169 a 4500
020 ## - INTERNATIONAL STANDARD BOOK NUMBER
ISBN 0201895498 (pbk. : alk. paper)
020 ## - INTERNATIONAL STANDARD BOOK NUMBER
ISBN 9780201895490
050 00 - CALL NUMBER
Classification number QA76.76
Item number .So6
100 1# - AUTHOR
Personal name Sobell, Mark G.
245 12 - TITLE
Title A practical guide to Linux /
Statement of responsibility, etc Mark G. Sobell ; [foreword by Linus Torvalds].
260 ## - PUBLICATION INFORMATION
Place of publication Reading, Mass. :
Name of publisher Addison Wesley,
Year of publication c1997.
300 ## - DESCRIPTION
Number of Pages xlvii, 1015 p. :
Other physical details ill. ;
Dimensions 24 cm.
500 ## - NOTES
General note Includes index.
505 ## - FORMATTED CONTENTS NOTE
Table of Content I. THE LINUX OPERATING SYSTEM. Linux: A Product of the Internet. Getting Started. An Introduction to the Utilities. The Linux Filesystem. The Shell. Graphical User Interfaces (GUIs). Networking and the Internet. The vi Editor. The emacs Editor. The Bourne Again Shell. Shell Programming. The TC Shell. The Z Shell and Advanced Shell Programming. Programming Tools. System Administration. II. THE LINUX PROGRAMS. Regular Expressions. Help! Emulators. The POSIX Standards. 0201895498T04062001
650 #0 - SUBJECTS
Topical Term Operating systems (Computers)
942 ## - ADDED ENTRY ELEMENTS (KOHA)
Koha item type Books
Holdings
Withdrawn status Lost status Collection code Home library Current library Shelving location Date acquired Full call number Accession Number Koha item type
    Reference Methodist University Library Main Methodist University Library Main General Stacks   QA76.76 .So6 38161 Books
Copyright © 2026  MUG Library